000 00292nam a22001337a 4500
008 170922b xxu||||| |||| 00| 0 eng d
020 _a9781256341499
041 _aeng
080 _a37
100 _a46
101 _aEDU
245 _aA PLATFORM FOR PRACTICE
_cRIDEOUT, G
942 _2udc
_cBK
999 _c28993
_d28993